[Event "Magistral Republica Argentina 2015"]
[Site "Buenos Aires ARG"]
[Date "2015.06.09"]
[Round "5.4"]
[White "Zuriel, Marisa"]
[Black "Saldano Dayer, Horacio"]
[Result "1/2-1/2"]
[WhiteElo "2233"]
[BlackElo "2446"]
[PlyCount "78"]
[EventDate "2015.06.04"]
[EventType "tourn"]
[EventRounds "9"]
[EventCountry "ARG"]
[EventCategory "4"]
[Source "lmi"]
[SourceDate "2015.06.04"]

1. e4 d5 2. exd5 Qxd5 3. Nc3 Qd6 4. d4 Nf6 5. Nf3 c6 6. Ne5 Nbd7 7. Nc4 Qc7 8.
g3 Nb6 9. Bf4 Qd8 10. Ne5 Be6 11. Bg2 Nbd5 12. Nxd5 Bxd5 13. f3 b5 14. O-O e6
15. Qd2 Nd7 16. Kh1 Nxe5 17. dxe5 h5 18. Bg5 Be7 19. Bxe7 Qxe7 20. h3 Rd8 21.
Qe3 c5 22. c3 O-O 23. a3 a5 24. Rad1 Bc4 25. Rfe1 Bb3 26. Rxd8 Rxd8 27. Re2 Qd7
28. Rf2 c4 29. Qb6 a4 30. f4 g6 31. Kh2 Qd3 32. h4 Kg7 33. Rf3 Qd7 34. Rf2 Qe7
35. Qe3 Rd3 36. Qb6 Rd8 37. Qe3 Rd3 38. Qb6 Rd1 39. Bf3 Rd8 1/2-1/2

[Event "Magistral Republica Argentina 2015"]
[Site "Buenos Aires ARG"]
[Date "2015.06.09"]
[Round "5.5"]
[White "Liascovich, Lucas"]
[Black "Di Giannantonio, Nino"]
[Result "1-0"]
[WhiteElo "2483"]
[BlackElo "2314"]
[PlyCount "160"]
[EventDate "2015.06.04"]
[EventType "tourn"]
[EventRounds "9"]
[EventCountry "ARG"]
[EventCategory "4"]
[Source "lmi"]
[SourceDate "2015.06.04"]

1. d4 d5 2. c4 c6 3. Nf3 Nf6 4. Nc3 e6 5. e3 Nbd7 6. Ne5 Nxe5 7. dxe5 Ne4 8.
Nxe4 dxe4 9. Qxd8+ Kxd8 10. Bd2 Kc7 11. g4 f5 12. exf6 gxf6 13. Bc3 e5 14. g5
Be7 15. Be2 Rg8 16. h4 Bf5 17. O-O-O Rad8 18. Rdg1 fxg5 19. Bxe5+ Kc8 20. hxg5
Rxg5 21. Rxg5 Bxg5 22. Rh5 Rg8 23. Bf4 h6 24. Bxg5 hxg5 25. Kd2 c5 26. Kc3 a5
27. Rh6 Kc7 28. Rf6 Bd7 29. b3 b6 30. a3 Rg7 31. Bd1 Rg8 32. Bc2 Re8 33. Rg6
Re5 34. Kd2 Bg4 35. Bd1 Be6 36. Be2 Kd7 37. Rg7+ Kd6 38. Ke1 Bh3 39. Rb7 Kc6
40. Rh7 Bf5 41. Rh5 Be6 42. Kf1 Kd6 43. Rh6 Kc7 44. Rh7+ Kc6 45. Kg2 Bf5 46.
Rg7 Bd7 47. Kg3 Kd6 48. Rg6+ Kc7 49. Rg7 Kd6 50. Bg4 Be8 51. Rb7 Kc6 52. Rh7 b5
53. Rh6+ Kb7 54. Re6 Rxe6 55. Bxe6 b4 56. Bd5+ Kb6 57. axb4 cxb4 58. Bxe4 Bh5
59. f3 Kc5 60. Bd3 Kd6 61. Bf5 Bf7 62. Bd3 Bh5 63. Kf2 Kc5 64. Bf5 Bf7 65. Bd7
Bxc4 66. bxc4 b3 67. Ke2 Kxc4 68. Kd2 Kb4 69. f4 a4 70. f5 a3 71. f6 a2 72. f7
a1=Q 73. f8=Q+ Kc4 74. Qc8+ Kb4 75. Qb8+ Kc4 76. Qc7+ Kb4 77. Qb6+ Ka3 78. Qa5+
Kb2 79. Qxa1+ Kxa1 80. Bb5 g4 1-0

[Event "Magistral Republica Argentina 2015"]
[Site "Buenos Aires ARG"]
[Date "2015.06.10"]
[Round "6.1"]
[White "Fernandez, Maria Florencia"]
[Black "Di Giannantonio, Nino"]
[Result "1/2-1/2"]
[WhiteElo "2215"]
[BlackElo "2314"]
[PlyCount "72"]
[EventDate "2015.06.04"]
[EventType "tourn"]
[EventRounds "9"]
[EventCountry "ARG"]
[EventCategory "4"]
[Source "lmi"]
[SourceDate "2015.06.04"]

1. d4 d5 2. c4 c6 3. Nc3 Nf6 4. Nf3 e6 5. Bg5 Nbd7 6. e3 Qa5 7. cxd5 Nxd5 8.
Qd2 Bb4 9. Rc1 h6 10. Bh4 b6 11. e4 Nxc3 12. bxc3 Ba3 13. Rb1 O-O 14. Bd3 Ba6
15. O-O Rfe8 16. Bg3 Bxd3 17. Qxd3 Bf8 18. Nd2 Rac8 19. Nc4 Qa6 20. Rfd1 b5 21.
Nd6 Bxd6 22. Bxd6 Nb6 23. Bc5 Red8 24. Qg3 Rd7 25. d5 cxd5 26. Bd4 f6 27. Bxf6
Qxa2 28. Qg4 Rf7 29. Bd4 dxe4 30. Rxb5 Rxc3 31. Qxe4 Qa4 32. Qb1 Rc6 33. Bc5
Qh4 34. Rb4 Qg5 35. Bxb6 axb6 36. Rxb6 Rxb6 1/2-1/2

[Event "Magistral Republica Argentina 2015"]
[Site "Buenos Aires ARG"]
[Date "2015.06.10"]
[Round "6.2"]
[White "Saldano Dayer, Horacio"]
[Black "Liascovich, Lucas"]
[Result "1/2-1/2"]
[WhiteElo "2446"]
[BlackElo "2483"]
[PlyCount "28"]
[EventDate "2015.06.04"]
[EventType "tourn"]
[EventRounds "9"]
[EventCountry "ARG"]
[EventCategory "4"]
[Source "lmi"]
[SourceDate "2015.06.04"]

1. d4 Nf6 2. c4 e6 3. Nc3 Bb4 4. e3 b6 5. Nge2 Ba6 6. Ng3 O-O 7. Bd3 d5 8. cxd5
Bxd3 9. Qxd3 Qxd5 10. O-O Bxc3 11. bxc3 c5 12. e4 Qb7 13. Bg5 Nbd7 14. Rad1 h6
1/2-1/2

[Event "Magistral Republica Argentina 2015"]
[Site "Buenos Aires ARG"]
[Date "2015.06.10"]
[Round "6.3"]
[White "Escalante Ramirez, Brian Sebas"]
[Black "Zuriel, Marisa"]
[Result "0-1"]
[WhiteElo "2380"]
[BlackElo "2233"]
[PlyCount "70"]
[EventDate "2015.06.04"]
[EventType "tourn"]
[EventRounds "9"]
[EventCountry "ARG"]
[EventCategory "4"]
[Source "lmi"]
[SourceDate "2015.06.04"]

1. e4 c5 2. Nf3 d6 3. d4 cxd4 4. Nxd4 Nf6 5. Nc3 a6 6. Be2 e6 7. O-O Be7 8. a4
Nc6 9. Be3 O-O 10. f4 Qc7 11. Kh1 Re8 12. a5 Nxa5 13. e5 dxe5 14. fxe5 Qxe5 15.
Bf4 Qc5 16. Na4 Qa7 17. Be3 Nd5 18. Bd3 Nxe3 19. Bxh7+ Kf8 20. Rxf7+ Kxf7 21.
Qh5+ Kf8 22. Bg6 Bf6 23. Bxe8 b5 24. Nb6 Bxd4 25. Nxa8 Qb7 26. Rg1 Nac4 27. c3
Bf6 28. b3 Ne5 29. Qh8+ Ke7 30. Bh5 Qxa8 31. Qe8+ Kd6 32. Qf8+ Be7 33. Qxg7 Bb7
34. Re1 Bxg2+ 35. Kg1 Qe4 0-1

[Event "Magistral Republica Argentina 2015"]
[Site "Buenos Aires ARG"]
[Date "2015.06.10"]
[Round "6.4"]
[White "Malbran, Guillermo"]
[Black "Paveto, Kevin"]
[Result "0-1"]
[WhiteElo "2252"]
[BlackElo "2406"]
[PlyCount "122"]
[EventDate "2015.06.04"]
[EventType "tourn"]
[EventRounds "9"]
[EventCountry "ARG"]
[EventCategory "4"]
[Source "lmi"]
[SourceDate "2015.06.04"]

1. e4 c5 2. Nf3 e6 3. b3 d6 4. Bb2 Nf6 5. Qe2 Nc6 6. g3 Be7 7. Bg2 O-O 8. O-O
Rb8 9. d4 cxd4 10. Nxd4 e5 11. Nxc6 bxc6 12. c4 Nd7 13. Nc3 Nc5 14. Rad1 a5 15.
Ba3 Ne6 16. Qd3 Nd4 17. Ne2 c5 18. Nxd4 cxd4 19. Rc1 Qb6 20. Qc2 Ba6 21. Bh3
Qc6 22. Rfe1 f5 23. Bg2 f4 24. Qd3 Bg5 25. Rb1 Rb7 26. Bc1 Rbf7 27. f3 h5 28.
Bd2 Qc7 29. Rf1 Qd8 30. Kh1 Bc8 31. Qc2 fxg3 32. hxg3 h4 33. g4 h3 34. Bxh3
Rxf3 35. Rxf3 Rxf3 36. Kg2 Rf8 37. Rf1 Rxf1 38. Kxf1 Qf6+ 39. Kg2 Bxd2 40. Qxd2
Bb7 41. g5 Bxe4+ 42. Kg3 Qf3+ 43. Kh4 d3 44. Bg4 Qh1+ 45. Kg3 Qg1+ 46. Kh3 Qf1+
47. Kg3 Bf5 48. Bxf5 Qxf5 49. Qxa5 Qxg5+ 50. Kf2 Qf4+ 51. Ke1 Qe3+ 52. Kf1 d2
53. Qd8+ Kh7 54. Qh4+ Kg6 55. Qg4+ Kf6 56. Qh4+ Ke6 57. Qg4+ Kf6 58. Qh4+ Kf5
59. Qh5+ g5 60. Qf7+ Kg4 61. Qe6+ Kg3 0-1

[Event "Magistral Republica Argentina 2015"]
[Site "Buenos Aires ARG"]
[Date "2015.06.10"]
[Round "6.5"]
[White "Abarca Gonzalez, Nicolas"]
[Black "Mandetta, Joao Danilo"]
[Result "1-0"]
[WhiteElo "2336"]
[BlackElo "2268"]
[PlyCount "69"]
[EventDate "2015.06.04"]
[EventType "tourn"]
[EventRounds "9"]
[EventCountry "ARG"]
[EventCategory "4"]
[Source "lmi"]
[SourceDate "2015.06.04"]

1. e4 c5 2. Nf3 e6 3. d4 cxd4 4. Nxd4 Nc6 5. Nc3 d6 6. Be3 Nf6 7. f3 Be7 8. Qd2
O-O 9. O-O-O a6 10. g4 Nxd4 11. Bxd4 b5 12. g5 Nd7 13. h4 b4 14. Ne2 a5 15. f4
Bb7 16. Ng3 Qc7 17. Bd3 b3 18. axb3 a4 19. Qc3 Qb8 20. bxa4 Rxa4 21. Bb5 Ra1+
22. Kd2 Rxd1+ 23. Rxd1 Rc8 24. Qb3 Nc5 25. Bxc5 dxc5 26. Ke3 Bd6 27. e5 Bxe5
28. fxe5 Qxe5+ 29. Kf2 Qf4+ 30. Kg1 Bd5 31. Qc3 Qxh4 32. Qe5 c4 33. Rd4 Qh3 34.
Rxd5 exd5 35. Nf5 1-0

[Event "Magistral Republica Argentina 2015"]
[Site "Buenos Aires ARG"]
[Date "2015.06.11"]
[Round "7.1"]
[White "Mandetta, Joao Danilo"]
[Black "Fernandez, Maria Florencia"]
[Result "1-0"]
[WhiteElo "2268"]
[BlackElo "2215"]
[PlyCount "97"]
[EventDate "2015.06.04"]
[EventType "tourn"]
[EventRounds "9"]
[EventCountry "ARG"]
[EventCategory "4"]
[Source "lmi"]
[SourceDate "2015.06.04"]

1. d4 Nf6 2. c4 g6 3. Nc3 Bg7 4. e4 d6 5. Nf3 O-O 6. Be2 c5 7. d5 e6 8. h3 exd5
9. exd5 Bf5 10. Qb3 Na6 11. O-O Nb4 12. Ne1 Re8 13. a3 Ne4 14. Nxe4 Rxe4 15.
Be3 Na6 16. Bd3 Re5 17. Bf4 Bxd3 18. Nxd3 Re7 19. Bg5 f6 20. Bd2 Rb8 21. Rfe1
Nc7 22. Rxe7 Qxe7 23. Re1 Qf7 24. Nf4 f5 25. Qa4 a6 26. b4 b5 27. Qc2 bxc4 28.
Qxc4 Bd4 29. Ne6 Re8 30. bxc5 dxc5 31. Ba5 Nxe6 32. dxe6 Qe7 33. Qxa6 Qh4 34.
Qe2 Qe7 35. Qd2 Qf6 36. Qa2 Kg7 37. Bc7 f4 38. Qd5 g5 39. Be5 Bxe5 40. Rxe5 h6
41. Re1 Qc3 42. Rb1 Re7 43. Rb7 Qf6 44. Rxe7+ Qxe7 45. a4 Kf6 46. a5 Qc7 47.
Qd7 Qxa5 48. Qf7+ Ke5 49. e7 1-0

[Event "Magistral Republica Argentina 2015"]
[Site "Buenos Aires ARG"]
[Date "2015.06.11"]
[Round "7.2"]
[White "Paveto, Kevin"]
[Black "Abarca Gonzalez, Nicolas"]
[Result "0-1"]
[WhiteElo "2406"]
[BlackElo "2336"]
[PlyCount "73"]
[EventDate "2015.06.04"]
[EventType "tourn"]
[EventRounds "9"]
[EventCountry "ARG"]
[EventCategory "4"]
[Source "lmi"]
[SourceDate "2015.06.04"]

1. e4 c5 2. Nf3 e6 3. d4 cxd4 4. Nxd4 Nc6 5. Nc3 Qc7 6. Be2 Nf6 7. O-O a6 8. a4
Be7 9. Kh1 d6 10. f4 Bd7 11. Nb3 Nb4 12. Bf3 Bc6 13. Nd4 Rd8 14. Qe2 O-O 15.
Be3 d5 16. e5 Ne4 17. Bg1 Nc5 18. Bg4 Rfe8 19. f5 exf5 20. Bxf5 Bf8 21. e6 Nxe6
22. Bxe6 fxe6 23. Nxe6 Qd6 24. Rxf8+ Qxf8 25. Nxf8 Rxe2 26. Nxe2 Rxf8 27. Bc5
Re8 28. Nd4 Re4 29. Rf1 h6 30. h3 Nxc2 31. Rf8+ Kh7 32. Nxc2 Rc4 33. Bd4 Rxc2
34. Rf7 Kg6 35. Rxg7+ Kf5 36. Re7 Rc4 37. Bg7 0-1

[Event "Magistral Republica Argentina 2015"]
[Site "Buenos Aires ARG"]
[Date "2015.06.11"]
[Round "7.3"]
[White "Zuriel, Marisa"]
[Black "Malbran, Guillermo"]
[Result "0-1"]
[WhiteElo "2233"]
[BlackElo "2252"]
[PlyCount "146"]
[EventDate "2015.06.04"]
[EventType "tourn"]
[EventRounds "9"]
[EventCountry "ARG"]
[EventCategory "4"]
[Source "lmi"]
[SourceDate "2015.06.04"]

1. e4 Nf6 2. e5 Nd5 3. d4 d6 4. c4 Nb6 5. exd6 exd6 6. Nc3 Be7 7. Be3 O-O 8.
Qf3 c6 9. Bd3 d5 10. c5 N6d7 11. Nge2 b6 12. cxb6 axb6 13. O-O Nf6 14. h3 Ba6
15. Bc2 b5 16. Ng3 b4 17. Nce2 Bxe2 18. Qxe2 g6 19. Rfe1 Re8 20. Qf3 Bf8 21.
Bg5 Rxe1+ 22. Rxe1 Nbd7 23. Bb3 h6 24. Bd2 Qb6 25. Be3 Bg7 26. Rc1 Nf8 27. Qd1
Ne6 28. Ba4 Rc8 29. Rc2 Ne8 30. Ne2 Nd6 31. Qc1 Nb5 32. Bxb5 Qxb5 33. Bxh6 Nxd4
34. Nxd4 Bxd4 35. Qf4 c5 36. Rd2 Qc6 37. h4 Qf6 38. Qg4 Re8 39. Bf4 Re1+ 40.
Kh2 Qe6 41. Qg3 Re2 42. Rxe2 Qxe2 43. Be3 Bxe3 44. fxe3 Qxb2 45. Qd6 Qxa2 46.
h5 gxh5 47. Qd8+ Kh7 48. Qg5 Qc2 49. Qxh5+ Kg8 50. Qxd5 b3 51. Qd8+ Kh7 52.
Qh4+ Kg6 53. Qg3+ Kf6 54. Qd6+ Kg7 55. Qe5+ Kf8 56. Qh8+ Ke7 57. Qe5+ Kd7 58.
Qd5+ Kc7 59. Qxf7+ Kb6 60. Qe6+ Ka5 61. Qc6 b2 62. Qa8+ Kb4 63. Qb8+ Ka3 64.
Qa7+ Kb4 65. Qb6+ Kc4 66. Qe6+ Kb5 67. Qd7+ Kb4 68. Qb7+ Kc3 69. Qb5 Qh7+ 70.
Kg3 b1=Q 71. Qxc5+ Kd2 72. Qa5+ Ke2 73. Qa6+ Qhd3 0-1

[Event "Magistral Republica Argentina 2015"]
[Site "Buenos Aires ARG"]
[Date "2015.06.11"]
[Round "7.4"]
[White "Liascovich, Lucas"]
[Black "Escalante Ramirez, Brian Sebas"]
[Result "1/2-1/2"]
[WhiteElo "2483"]
[BlackElo "2380"]
[PlyCount "28"]
[EventDate "2015.06.04"]
[EventType "tourn"]
[EventRounds "9"]
[EventCountry "ARG"]
[EventCategory "4"]
[Source "lmi"]
[SourceDate "2015.06.04"]

1. d4 Nf6 2. c4 g6 3. Nc3 Bg7 4. e4 d6 5. f4 O-O 6. Nf3 c5 7. d5 e6 8. dxe6
fxe6 9. Bd3 Nc6 10. O-O a6 11. Qe1 Rb8 12. Bd2 Nb4 13. Bb1 b5 14. e5 Ne8
1/2-1/2

[Event "Magistral Republica Argentina 2015"]
[Site "Buenos Aires ARG"]
[Date "2015.06.11"]
[Round "7.5"]
[White "Di Giannantonio, Nino"]
[Black "Saldano Dayer, Horacio"]
[Result "0-1"]
[WhiteElo "2314"]
[BlackElo "2446"]
[PlyCount "74"]
[EventDate "2015.06.04"]
[EventType "tourn"]
[EventRounds "9"]
[EventCountry "ARG"]
[EventCategory "4"]
[Source "lmi"]
[SourceDate "2015.06.04"]

1. e4 e5 2. Nf3 Nc6 3. Bb5 a6 4. Ba4 Nf6 5. d3 Bc5 6. O-O b5 7. Bb3 O-O 8. a4
Rb8 9. axb5 axb5 10. Be3 d6 11. h3 Bb6 12. Nc3 Nd4 13. Bxd4 Bxd4 14. Nxd4 exd4
15. Nd5 c5 16. Qf3 Nxd5 17. Bxd5 Be6 18. Ra7 Bxd5 19. exd5 Ra8 20. Rfa1 Rxa7
21. Rxa7 Qg5 22. Rd7 Qc1+ 23. Kh2 Qxc2 24. Rxd6 c4 25. Rc6 Qxd3 26. Qf4 c3 27.
b4 Qd2 28. Qd6 Qxf2 29. Qc5 Qf4+ 30. Kh1 g6 31. d6 Qf1+ 32. Kh2 Qf4+ 33. Kh1
Qc1+ 34. Kh2 Qf4+ 35. Kh1 Kg7 36. d7 Ra8 37. Ra6 Rxa6 0-1